| 000 | 00600nam a2200193 a 4500 | ||
|---|---|---|---|
| 005 | 20210223120514.0 | ||
| 008 | 991125s1965 ea 000 0 eng u | ||
| 035 | _aUPN01000002468 | ||
| 049 | _aCG | ||
| 050 | 4 |
_aLB1628 _bC5.2 |
|
| 100 | 1 | _aClark, Leonardo H. | |
| 245 | 1 | 4 |
_aThe American secondary school curriculum / _cLeonard H. Clark, Raymond L. Klein, John B. Bursk. |
| 260 |
_aNew York : _bMacMillan, _c1965. |
||
| 300 | _a453 p. | ||
| 650 | 4 |
_aESCUELAS SECUNDARIAS - _vPLANES Y PROGRAMAS _92422 |
|
| 700 | 1 |
_aKlein, Raymond, L., _ecoaut. |
|
| 700 | 1 |
_aBursk, John B., _ecoaut. |
|
| 905 | _aLibro | ||
| 999 |
_c2468 _d2468 |
||